000 00631nam a2200181Ia 4500
008 100920s9999 xx 000 0 und d
082 _b100932
_a28 व 891,43 न 07
100 _aइन्दररख्या राकेश.
245 _aसबसे बडा कौन.
260 _bविश्वहिंदु प्रकाशन,जबलपूर.
_c2007
300 _a16
_bसाधी
365 _b15
520 _aबा.वि.हिंदी.
630 _aसबसे बडा कौन.
650 _aबा.वि.हिंदी.
730 _aसबसे बडा कौन.
942 _cBOOK
999 _c741369
_d741366